| 000 | 00409nam a2200169Ia 4500 | ||
|---|---|---|---|
| 003 | GCL | ||
| 008 | 140319s9999 xx 000 0 eng d | ||
| 040 |
_aGCL / _cGCL |
||
| 082 | 0 | 4 |
_a701.8 _bW L |
| 100 | 1 | _aWELTON, JUDE | |
| 245 | 1 | 0 |
_aLOOKING AT PAINTINGS / _cWELTON, JUDE |
| 260 |
_a[S.N] : _bDORLING KINDERSLEY ، _c1994 |
||
| 300 | _a64 PP | ||
| 650 | 0 | 4 | _aARTS |
| 650 | 0 | 4 | _aPAINTING |
| 942 |
_2ddc _cBK |
||
| 999 |
_c18925 _d18925 |
||